000 00700nam a2200229Ia 4500
003 OSt
005 20220926011837.0
006 a|||||r|||| 00| 0
007 ta
008 220923b |||||||| |||| 00| 0 eng d
037 _cGeneral Book
040 _aRTL
_cRTL
_beng
041 _2eng
_aeng
082 _aX.791.N6, K9
100 _aGlade William P
_9315096
245 0 _aLatin American economies
_b A study of their institutional evolution
260 _aNew York
_bAmerican Book Van Nostrand Rennhold
_c1969
300 _axiv,665p.
_ccm.
650 _aEconomic Conditions Latin America
942 _hX.791.N6, K9
_cGB
_2CC
999 _c621154
_d621154